Statistiques concernant Coupe du monde de rugby 1995

Cliquez ici pour prendre le quiz!

Statistiques générales

  • Ce quiz a été pris 111 fois
  • Le résultat moyen est 15 sur 16

Statistiques - réponses

Réponse% Correct
Angleterre
100%
Ecosse
100%
France
100%
Afrique du Sud
99%
Australie
98%
Italie
98%
Nouvelle-Zélande
98%
Irlande
97%
Pays de Galles
97%
Japon
96%
Argentine
94%
Canada
94%
Tonga
94%
Samoa
92%
Roumanie
91%
Côte d'Ivoire
65%

Distribution des résultats

Percentile par nombre de réponses

% des personnes avec chaque résultat

Votre développement - résultats

Vous n’avez pas pris ce quiz